Регионална библиотека "Любен Каравелов" - Русе

Религия и бит (Запис номер 126120)

MARC детайли
000 -Лидер
Контролно поле с фиксирана дължина 01441nam a2200361 c 4500
003 - Код на организацията, давaща контролен номер
Контролно поле BLK
005 - Дата и час на последна редакция
Контролно поле 20240612151345.0
008 - Елементи от данни с фиксирана дължина
fixed length control field 180409b bul|||||r ||||||| ||bul||
010 ## - Наследен системен номер
LC control number KNG00131799000
040 ## - Източник на каталожния запис
Идентификатор на билиотеката - собственик на записа BLK
041 ## - Код за език
Код за езика на текст/звукозапис или на отделно заглавие Български
Код за езика КДБФ Български
080 ## - УДК
Текстов определител УДК Бог. Деизъм. Теизъм. Атеизъм. Свободомислие. Вж и 122; 125; 141. 132;231; 234; 239; 272/273; 291. 2
УДК код - определител по УДК 211
УДК определител
УДК - код + определител 211
100 1# - Редна дума - Автор
Автор Беляев, Константин Иванович
Авторска отговорност първи автор
R(LIN) 319855
139 ## - Редно поле
Редна дума Беляев, Константин Иванович
Авторски знак Белч - Б 36
245 10 - Сведения за заглавието
Заглавие Религия и бит
Редно поле (дума) Константин Иванович Беляев; прев. от рус. Катя Атанасова Койчева.
257 ## - Страна на издаване
Страна на създаване/издаване СССР
260 ## - Област на издателските данни
-- София
Име на издателя, разпространителя и проч. Профиздат
Година на издаване 1959
300 ## - Физическа характеристика
Страници 72 с.
Размери/Мащаб 18 см
380 ## - Жанр
Жанр Религия. Теология
490 1# - СЕРИИ (Колекции)
Име на серия Научно-атеистични знания
500 ## - Общи забележки
Забележка 10 100 тир.
650 #4 - Допълнително описание по предмет – тема
Основно описание – тема или топоним Религия
9 (RLIN) 169291
650 #4 - Допълнително описание по предмет – тема
Основно описание – тема или топоним Бит
9 (RLIN) 148764
653 ## - Ключова дума – ненормативна
Ключова дума религия
653 ## - Ключова дума – ненормативна
Ключова дума бит
700 ## - Други автори (авторска отговорност)
Лично име Койчева, Катя Атанасова
Дати, свързани с автора 1926 - 1993
Друга информация Преводач от руски език
9 (RLIN) 281153
852 ## - Местоположение
Форматна сигнатура Цб I 3015
856 4# - Електронен адрес и достъп
Електронен формат pdf - файл
Път до файла /url/
856 4# - Електронен адрес и достъп
Електронен формат pdf - файл
Път до файла /url/
942 ## - АРТИКУЛИ
Вид на библиотечния материал Книги
Скрит в OPAC Не
944 ## - СЪЗДАВАНЕ И РЕДАКЦИЯ на ЗАПИСА
Създаване/Редакция Създаване
Дата на регистрацията/редакция 28.06.2012
Статус, дата на статуса Геновева Генчева
Служител, извършил регистрацията/редакцията 30560
944 ## - СЪЗДАВАНЕ И РЕДАКЦИЯ на ЗАПИСА
Създаване/Редакция Редакция
Дата на регистрацията/редакция 28.06.2012
Статус, дата на статуса 28.06.2012 - от С1,Р / 28.06.2012
Служител, извършил регистрацията/редакцията
999 ## - СИСТЕМНИ КОНТРОЛНИ НОМЕРА
Koha biblionumber 126120
Koha biblioitemnumber 126120
Наличности
Код за отписване Код за изгубен артикул Източник на класификационната схема Код за повреда Коз за рестрикции Код за отдаване Артикулен № Име на библиотеката - собственик Име на библиотеката, в която се намира в момента Статус (Текущо местоположение) Дата на вписване в системата Местоположение - отдел Цена в лева Инвентарен номер Систематично азбучна сигнатура Баркод Номер на екземпляра Цена в евро Служебна бележка Служебен тип на артикула
  Не е изгубен Universal Decimal Classification Не е повреден без рестрикции ползва се в читалня 205179 Регионална библиотека "Любен Каравелов" Русе Регионална библиотека "Любен Каравелов" Русе Хранилище 1959-01-01 Основен фонд - ползва се само за читалня 0.10 8933/59 Цб I 3015 900000025795 1 0.05 Дата: 01.01.1959 Книги
Vip Innovations Ltd, Rousse, Bulgaria 2025